LEADER 01406nam a2200337 u 4500 001 000000044454 003 CaOOAMICUS 005 20070226114542.0 008 990427s1997 it u000 u ita u 020 $a8804424516 035 $a10821452 040 $aPUL(R)$bita 100 1 $aZambonini, Franca.$0(OLS)http://pul/name/32436 245 10$aOltre Pechino :$bdonne e Chiesa nel Duemila /$cFranca Zambonini [e] Maria Elena Vasaio ; prefazione di Mary Ann Glendon. 260 $aMilano :$bMondadori,$cc1997. 300 $a158 p. ;$c21 cm 490 1 $aLeonardo saggistica 500 $aContiene indici. 504 $aBibliografia in nota. 650 4$aDonne nel cristianesimo.$0(OLS)http://pul/subject/9377 650 4$aDonna.$0(OLS)http://pul/subject/7073 700 1 $aGlendon, Mary Ann,$d1938-$0(OLS)http://pul/name/32438 700 1 $aVasaio, Maria Elena.$0(OLS)http://pul/name/32437 830 0$aLeonardo saggistica.$0(OLS)http://pul/title/59914 850 $aPUL 852 $aPUL$W1$xDP1 Cons. Gen., Altre Classi 1$y22$m43 C 211$j59830$nBK-PRI$b $qStampati$B59830$CPULBib$Z2$F59830 $H $81 941 1 $a8 961 $aINV: 78331 996 $6020$a8804424516$9(OLS)http://pul/number/55428 996 $6245$aOltre Pechino :$bdonne e Chiesa nel Duemila$9(OLS)http://pul/title/59913 996 $6260$aMilano :$bMondadori$9(OLS)http://pul/publisher/50297 LEADER 01302nam a2200325 u 4500 001 000000064487 003 CaOOAMICUS 005 20070226121348.0 008 011120s1985 it u000 u ita u 020 $a883823518X 035 $a10910544 040 $aPUL(R)$bita$dMSA 100 1 $aAles Bello, Angela,$d1939-$0(OLS)http://pul/name/22845 245 10$aHusserl :$bsul problema di Dio /$cAngela Ales-Bello. 260 $aRoma :$bStudium,$c1985. 300 $a159 p. ;$c20 cm 490 1 $aInterpretazioni ;$v13 504 $aBibliografia: p. [147]-154. 600 14$aHusserl, Edmund,$d1859-1938.$0(OLS)http://pul/subject/4949 700 1 $aHusserl, Edmund,$d1859-1938.$0(OLS)http://pul/name/10441 830 0$aInterpretazioni ;$v13.$0(OLS)http://pul/title/3013 850 $aPUL 852 $aPUL$W1$xSL Filosofia 1$y2$m86 D 36$j83600$nBK-PRI$b $qStampati$B83600$CPULBib$Z2$F83600 $81 852 $aPUL$W1$xDP1 Fondo Bordoni$y120$m2 A 39$j115031$qFondi$B171395$CPULBib$Z2$F171395 $HBOR1817 $81 941 1 $a1 941 1 $a8 961 $aINV: 53798 996 $6020$a883823518X$9(OLS)http://pul/number/83708 996 $6245$aHusserl :$bsul problema di Dio$9(OLS)http://pul/title/85931 996 $6260$aRoma :$bStudium$9(OLS)http://pul/publisher/47892